2024中国百强银行榜单 China's Top 100 Banks in 2024 - Statistics

General Stats
  • This quiz has been taken 46 times
  • The average score is 41 of 100
Answer Stats
排名 银行 净额/十万亿元 % Correct
1 中国工商银行 338
100%
2 中国建设银行 294
100%
3 中国农业银行 239
100%
4 中国银行 216
100%
15 北京银行 34
95%
21 南京银行 14
88%
10 上海浦东发展银行 60
85%
19 宁波银行 17
85%
6 交通银行 91
83%
18 上海银行 21
83%
17 江苏银行 21
80%
34 天津银行 6
80%
5 招商银行 91
78%
48 苏州银行 4
78%
63 湖南银行 3
78%
66 湖北银行 3
78%
84 厦门银行 2
78%
25 杭州银行 9
76%
41 重庆银行 5
76%
60 青岛银行 3
76%
65 河北银行 3
76%
7 中国邮政储蓄银行 78
73%
33 成都银行 7
73%
64 大连银行 3
73%
36 长沙银行 6
71%
57 四川银行 3
71%
42 哈尔滨银行 5
63%
43 广州银行 5
63%
47 郑州银行 4
63%
67 西安银行 3
63%
74 兰州银行 3
63%
90 山西银行 2
63%
44 吉林银行 5
61%
51 江西银行 4
61%
70 渣打银行(中国) 3
61%
96 花旗银行(中国) 2
61%
35 汇丰银行(中国) 6
59%
16 广发银行 23
56%
46 贵州银行 4
56%
85 温州银行 2
56%
9 中信银行 61
54%
12 中国光大银行 44
54%
8 兴业银行 71
51%
14 华夏银行 28
49%
58 甘肃银行 3
49%
13 平安银行 38
46%
37 贵阳银行 6
44%
11 中国民生银行 53
41%
20 浙商银行 16
41%
91 唐山银行 2
41%
73 台州银行 3
39%
52 东莞银行 4
34%
27 渤海银行 9
29%
28 北京农村商业银行 8
29%
22 重庆农村商业银行 12
27%
24 徽商银行 11
24%
23 上海农村商业银行 11
22%
29 盛京银行 8
22%
40 深圳农村商业银行 6
22%
79 浙江稠州商业银行 2
22%
92 东亚银行(中国) 2
22%
26 恒丰银行 9
20%
30 广州农村商业银行 8
20%
53 桂林银行 4
20%
54 天津农村商业银行 3
20%
82 晋商银行 2
20%
77 汉口银行 3
17%
38 成都农村商业银行 6
15%
68 珠海华润银行 3
15%
81 武汉农村商业银行 2
15%
31 中原银行 8
12%
32 厦门国际银行 7
12%
56 齐鲁银行 3
12%
62 青岛农村商业银行 3
12%
86 三井住友银行(中国) 2
12%
39 东莞农村商业银行 6
10%
61 九江银行 3
10%
69 广西北部湾银行 3
10%
71 广东南粤银行 3
10%
75 长安银行 3
10%
93 蒙商银行 2
10%
97 廊坊银行 2
10%
45 深圳前海微众银行 5
7%
55 顺德农村商业银行 3
7%
83 三菱日联银行(中国) 2
7%
89 富滇银行 2
7%
94 浙江网商银行 2
7%
100 张家口银行 2
7%
49 昆仑银行 4
5%
76 常熟农村商业银行 3
5%
99 日照银行 2
5%
50 江苏江南农村商业银行 4
2%
72 浙江泰隆商业银行 3
2%
78 南海农村商业银行 3
2%
80 广东华兴银行 2
2%
87 威海市商业银行 2
2%
88 浙江萧山农村商业银行 2
2%
95 瑞穗银行(中国) 2
2%
98 陕西秦农农村商业银行 2
2%
59 杭州联合农村商业银行 3
0%
No matching quizzes found
Score Distribution
Percent of People with Each Score
Percentile by Number Answered
Your Score History
You have not taken this quiz